000 00871nam a2200253 c 4500
999 _c96253
_d96253
003 BLK
005 20240625154554.0
008 180409b bul|||||r ||||||| ||bul||
010 _aKNG00101140000
040 _aBLK
041 _aBUL
_cBUL
080 _aБългарска литература
_b821.163.2
_x-31
_z821.163.2-31
100 1 _aВазов, Иван Минчов
_eпърви автор
_9363396
139 _aВазов, Иван Минчов
_bВ 15
245 1 0 _aПод игото
_bРоман
_cИван Минчов Вазов.
257 _aBGR
260 _bБълг. писател
_c1972
_fСофия : Д. Благоев
300 _a435 с.
_c20 см
380 _aX
490 _aБиблиотека Световна класика
_9201621
852 _aЦб 63587
942 _cKNG
_n0
_027
_s1
944 _k30576
_lЦветомила Тодорова